Villes de France avec deux consonnes identiques - Statistiques

Statistiques générales
  • Ce quiz a été pris 75 fois
  • Le résultat moyen est 14 sur 20
Statistiques - réponses
Population Département Ville % Correct
873 000 13 Marseille
100%
237 000 59 Lille
93%
291 000 67 Strasbourg
88%
225 000 35 Rennes
87%
173 000 42 Saint-Étienne
84%
302 000 34 Montpellier
82%
323 000 44 Nantes
81%
147 000 63 Clermont-Ferrand
72%
132 000 74 Annecy
69%
155 000 974 Saint-Denis
69%
114 000 93 Saint-Denis
69%
157 000 69 Villeurbanne
69%
104 000 54 Nancy
68%
120 000 66 Perpignan
63%
90 330 84 Avignon
53%
119 000 25 Besançon
51%
147 000 13 Aix-en-Provence
50%
97 000 92 Nanterre
50%
120 000 92 Boulogne-Billancourt
40%
96 000 94 Vitry-sur-Seine
22%
Aucun quiz correspondant
Distribution des résultats
% des personnes avec chaque résultat
Percentile par nombre de réponses
Votre historique - résultats
Vous n’avez pas pris ce quiz